Democracy Index III - Statistics

General Stats
  • This quiz has been taken 48 times
  • The average score is 14 of 20
Answer Stats
Score Country % Correct
1,08 North Korea
97%
2,16 Iran
92%
1,93 Saudi Arabia
90%
1,43 Syria
90%
2,11 Democratic Republic of the Congo
85%
2,24 Yemen
85%
2,37 Sudan
77%
1,95 Tajikistan
74%
1,83 Turkmenistan
74%
1,50 Chad
69%
2,37 Eritrea
69%
1,95 Uzbekistan
69%
1,57 Central African Republic
67%
2,25 Libya
67%
2,75 United Arab Emirates
67%
2,21 Laos
64%
1,77 Equatorial Guinea
51%
1,93 Guinea-Bissau
46%
2,71 Azerbaijan
41%
2,49 Burundi
36%
No matching quizzes found
Score Distribution
Percent of People with Each Score
Percentile by Number Answered
Your Score History
You have not taken this quiz